| 000 | 00659nam a2200205 a 4500 | ||
|---|---|---|---|
| 001 | BRCA_7274 | ||
| 005 | 20190320205757.0 | ||
| 008 | 270112s1927----gw-#######---#000-0#ger-# | ||
| 041 | _ager | ||
| 044 | _agw | ||
| 100 | 1 |
_aFigner, Leopold _918006 |
|
| 245 | 1 | 0 |
_aHöhere Kartenkunst _bSammlung von 100 auserlesenen, zum grössten Teil neuen, bisher unveröffentlichten Kartenkunststücken _cLeopold Figner |
| 260 |
_aLeipzig _bLehmann & Schüppel _c1927 |
||
| 300 |
_a142 p. _c19 cm. |
||
| 440 | 0 |
_aBibliothek der Zauberkunst _vBd. 2 _918007 |
|
| 500 | _aP27 | ||
| 650 | 1 | 4 |
_aTrucos de barajas _vGuías, manuales, etc. _917079 |
| 902 | _aGFM | ||
| 942 |
_2lcc _cB |
||
| 999 |
_c6952 _d6952 |
||